Normal view
MARC view
- تاليف فخرى، أحمد
Entry Personal Name
001 - CONTROL NUMBER
- control field: 39547
003 - CONTROL NUMBER IDENTIFIER
- control field: JO-AjAnu
005 - DATE AND TIME OF LATEST TRANSACTION
- control field: 20230606080557.0
008 - FIXED-LENGTH DATA ELEMENTS
- fixed length control field: 230606|| aca||aabn | a|a d
040 ## - CATALOGING SOURCE
- Original cataloging agency: JO-AjAnu
- Transcribing agency: JO-AjAnu
100 ## - HEADING--PERSONAL NAME
- Personal name: تاليف فخرى، أحمد
670 ## - SOURCE DATA FOUND
- Source citation: Work cat.: (JO-AjAnu)20279: تاليف فخرى، أحمد, author, دراسات في تاريخ الشرق القديم: مصر والعراق- سوريا- اليمن- إيران : مختارات من الوثائق التاريخية